|
|
|
|
| LEADER |
01148nam a2200313 i 4500 |
| 001 |
c000336549 |
| 003 |
CARM |
| 005 |
00000000000000.0 |
| 008 |
790712s1978 sp b 00010 spa |
| 010 |
|
|
|a 79357713 //r97
|
| 015 |
|
|
|a Sp***
|
| 019 |
1 |
|
|a 1494176
|5 LACONCORD2021
|
| 020 |
|
|
|a 8424907736 (pbk.) :
|c 450ptas
|
| 020 |
|
|
|a 8424907744
|
| 035 |
|
|
|a (OCoLC)4533613
|5 LACONCORD2021
|
| 050 |
0 |
0 |
|a P151
|b .C66
|
| 082 |
0 |
0 |
|a 410
|
| 100 |
1 |
|
|a Coseriu, Eugenio,
|d 1921-
|
| 245 |
1 |
0 |
|a Gramática, semántica, universales :
|b estudios de lingüística funcional /
|c Eugenio Coseriu.
|
| 260 |
|
|
|a Madrid :
|b Editorial Gredos,
|c c1978.
|
| 300 |
|
|
|a 267 p. ;
|c 20 cm.
|
| 490 |
0 |
|
|a Biblioteca románica hispánica : 2, Estudios y ensayos ; 280
|
| 504 |
|
|
|a Includes bibliographical references.
|
| 650 |
|
0 |
|a Grammar, Comparative and general.
|
| 650 |
|
0 |
|a Semantics.
|
| 650 |
|
0 |
|a Universals (Linguistics)
|
| 852 |
8 |
|
|b CARM
|h A1:AO09B0
|i B08162
|p 0400544
|f BK
|
| 999 |
f |
f |
|i fd20b139-5cab-595d-b92a-cd056b989525
|s 63983d24-2741-5821-9ac8-ee420ee071c2
|
| 952 |
f |
f |
|p Can circulate
|a CAVAL
|b CAVAL
|c CAVAL
|d CARM 1 Store
|e B08162
|f A1:AO09B0
|h Other scheme
|i book
|m 0400544
|